The Design Dimension of Planning Theory, Content and best practice for design policies (Record no. 3885)
[ view plain ]
| 000 -LEADER | |
|---|---|
| fixed length control field | 00353nam a2200109Ia 4500 |
| 008 - FIXED-LENGTH DATA ELEMENTS--GENERAL INFORMATION | |
| fixed length control field | 200302s9999 xx 000 0 und d |
| 100 ## - MAIN ENTRY--PERSONAL NAME | |
| Personal name | John Punter and Mathew Carmona |
| 245 ## - TITLE STATEMENT | |
| Title | The Design Dimension of Planning Theory, Content and best practice for design policies |
| 260 ## - PUBLICATION, DISTRIBUTION, ETC. | |
| Name of publisher, distributor, etc. | Spon Press Taylor and Francis Group |
| 260 ## - PUBLICATION, DISTRIBUTION, ETC. | |
| Date of publication, distribution, etc. | 2007 |
| 300 ## - PHYSICAL DESCRIPTION | |
| Extent | 399 P., |
| Withdrawn status | Lost status | Damaged status | Not for loan | Permanent Location | Current Location | Date acquired | Cost, normal purchase price | Total Checkouts | Full call number | Barcode | Date last seen | Date last checked out | Price effective from | Koha item type |
|---|---|---|---|---|---|---|---|---|---|---|---|---|---|---|
| BMS College of Architecture, Design and Planning | BMS College of Architecture, Design and Planning | 2020-03-03 | 3890.46 | 1 | 721.0941 | CL-UG68731 | 2025-12-31 | 2025-10-30 | 2020-03-03 | UG Books from CL |